| 000 | 01468npm a22003617a 4500 | ||
|---|---|---|---|
| 003 | OSt | ||
| 005 | 20260326154813.0 | ||
| 008 | 260326b |||||||| |||| 00| 0 eng d | ||
| 015 | _2Ministerio de Educación | ||
| 020 | _a978-950-13-1176-1 | ||
| 040 |
_aAR ST4 _bESP. _cBiblioteca Técnica4 "Roberto Noble", Moreno |
||
| 082 |
_21a ed. _a570.712 |
||
| 100 | _4ANTOKOLEC, PATRICIA ...[et. al.] | ||
| 245 | 1 |
_aBiología para pensar (067) _bOrigen, diversidad y evolución de los sistemas biológicos: del individuo al ecosistema |
|
| 250 | _a1a ed. | ||
| 260 |
_aBuenos Aires _bKapelusz _c2015 |
||
| 300 |
_b22x29 cm. _c272 p. |
||
| 440 | 1 | _aSERIE 067 | |
| 520 | _a1.Introducción. BLOQUE 1: La biodiversidad: evolución, origen y diversidad de las estructuras biológicas. BLOQUE 2: Las interacciones entre los seres vivos y el ambiente. BLOQUE 3 el organismo humano desde una visión integral. índice analítico. índice onomástico | ||
| 650 | _2BIOLOGIA, ENSEÑANZA SECUNDARIA | ||
| 700 | _aPATRICIA ANTOKOLEC | ||
| 700 | _aVIRGINIA DE FRANCESCO | ||
| 700 | _aLAURA HARBURGUER | ||
| 700 | _aALICIA DI SCIULLO | ||
| 700 | _aJOSE FIGUEROA | ||
| 700 | _aALEJANDRA FLORIO | ||
| 700 | _aMARIA EUGENIA FORTUNATO | ||
| 700 | _aGUILLERMO HAUT | ||
| 700 | _aARIELA KREIMER | ||
| 700 | _aMARIA JOSE SOLIS | ||
| 856 |
_uhttps://drive.google.com/file/d/1iNWFlaHCOJKQu1Hjj1Q49z3YApaCIpBh/view?usp=share_link _yClik para descargar en PDF |
||
| 942 |
_2ddc _cMX |
||
| 999 |
_c27 _d27 |
||